000 00779nam a2200205 a 4500
001 BRCA_6198
005 20190320205352.0
008 120711s1940----mx-a######---#000-0#spa-#
041 _aspa
044 _amx
050 4 _aLE7 M62
_b.P75 1940
245 1 0 _aLa primera universidad de América
_borígenes de la Antigua Real y Pontificia Universidad de México: XXX aniversario de su restablecimiento como Universidad Nacional de México
260 _aMéxico
_bImprenta Universitaria
_c1940
300 _a33 p.
_bil. (algunas a color), 14 láminas
_c24 cm.
500 _aI58
650 1 4 _aUniversidad Nacional de México
_xHistoria
_915593
710 2 _aUniversidad Nacional Autónoma de México
_bInstituto de Investigaciones Estéticas
_915594
902 _aGFM
942 _2lcc
_cB
999 _c5885
_d5885